Complete Physics for Cambridge Secondary 1 : (Record no. 6183)
[ view plain ]
| 000 -LEADER | |
|---|---|
| fixed length control field | 01444nam a22002297a 4500 |
| 001 - CONTROL NUMBER | |
| control field | 6183 |
| 003 - CONTROL NUMBER IDENTIFIER | |
| control field | FISKH |
| 005 - DATE AND TIME OF LATEST TRANSACTION | |
| control field | 20250324164831.0 |
| 008 - FIXED-LENGTH DATA ELEMENTS--GENERAL INFORMATION | |
| fixed length control field | 250324b cb ||||| |||| 00| 0 eng d |
| 020 ## - INTERNATIONAL STANDARD BOOK NUMBER | |
| International Standard Book Number | 9780198390244 |
| 040 ## - CATALOGING SOURCE | |
| Original cataloging agency | FISKH |
| Language of cataloging | eng |
| Transcribing agency | FISKH |
| Modifying agency | FISKH |
| 050 ## - LIBRARY OF CONGRESS CALL NUMBER | |
| Classification number | PZ7 |
| 082 ## - DEWEY DECIMAL CLASSIFICATION NUMBER | |
| Classification number | 530 |
| 100 ## - MAIN ENTRY--PERSONAL NAME | |
| Personal name | Reynolds, Helen |
| 245 ## - TITLE STATEMENT | |
| Title | Complete Physics for Cambridge Secondary 1 : |
| Remainder of title | Cambridge Checkpoint and beyond / |
| Statement of responsibility, etc. | By Helen Reynolds |
| 250 ## - EDITION STATEMENT | |
| Edition statement | First published 2013 |
| 260 ## - PUBLICATION, DISTRIBUTION, ETC. | |
| Place of publication, distribution, etc. | Oxford : |
| Name of publisher, distributor, etc. | Oxford University Press ; |
| Date of publication, distribution, etc. | 2013. |
| 300 ## - PHYSICAL DESCRIPTION | |
| Extent | 255 pages : |
| Other physical details | color illustrations ; |
| Dimensions | 28 cm . |
| 520 ## - SUMMARY, ETC. | |
| Summary, etc. | This brand new course builds in crucial challenge material right from the start, enabling students to confidently leap into Cambridge IGCSERG Science study with a solid foundation in Physics. It is the best preparation for our bestselling Complete Science for Cambridge IGCSE course,facilitating seamless progression from Cambridge Secondary 1 Stage 9 right into Complete Physics for Cambridge IGCSE. Complete Physics for Cambridge Secondary 1 covers all three years of Cambridge Secondary 1 Physics in the same book, flowing smoothly from one stage to the next. Regular revision andextension exercises will help consolidate learning and then stretch and challenge students to reach the next level. It is endorsed by Cambridge International Examinations, so you know everything is covered. |
| 942 ## - ADDED ENTRY ELEMENTS (KOHA) | |
| Source of classification or shelving scheme | Dewey Decimal Classification |
| Koha item type | Books |
| Suppress in OPAC | No |
| Withdrawn status | Lost status | Source of classification or shelving scheme | Damaged status | Not for loan | Collection | Home library | Current library | Shelving location | Date acquired | Total Checkouts | Full call number | Barcode | Date last seen | Copy number | Price effective from | Koha item type |
|---|---|---|---|---|---|---|---|---|---|---|---|---|---|---|---|---|
| Dewey Decimal Classification | Non-Fiction | Footprints International School Library Network Toul Tom Poung Campus | Footprints International School Library Network Toul Tom Poung Campus | TTP Secondary Non-Fiction Bookshelves | 03/24/2025 | REY PZ7 530 | FISSE03065 | 03/24/2025 | 1 | 03/24/2025 | Books | |||||
| Dewey Decimal Classification | Non-Fiction | Footprints International School Library Network Toul Tom Poung Campus | Footprints International School Library Network Toul Tom Poung Campus | TTP Secondary Non-Fiction Bookshelves | 04/24/2025 | REY PZ7 530 | FISSE03089 | 04/24/2025 | 2 | 04/24/2025 | Books |
